Vista normal Vista MARC

Entrada Topical Term

Número de registros utilizados en: 1

001 - CONTROL NUMBER

  • control field: 7000

003 - CONTROL NUMBER IDENTIFIER

  • control field: OSt

005 - DATE AND TIME OF LATEST TRANSACTION

  • control field: 20200710113944.0

008 - FIXED-LENGTH DATA ELEMENTS

  • fixed length control field: 200710|| aca||aabn | a|a d

040 ## - CATALOGING SOURCE

  • Original cataloging agency: OSt
  • Transcribing agency: OSt

150 ## - HEADING--TOPICAL TERM

  • Topical term or geographic name entry element: Novela colombiana
  • General subdivision: siglo XX

670 ## - SOURCE DATA FOUND

  • Source citation: Work cat.: (OSt)3253: Franco Ramos, Jorge, 1962 autor 6999, Rosario tijeras / , ©2003